Podnikateľské vzdelávanie na stredných školách v Slovenskej republike - vybrané problémy a perspektívy

Podnikateľské vzdelávanie ako súčasť celoživotného vzdelávania. Podnikateľské vzdelávanie na stredných školách. Perspektívy podnikateľského vzdelávania.

Guardado en:
Detalles Bibliográficos
Autor principal: Velichová, Ľudmila
Formato: Capítulo de libro
Lenguaje:eslovaco
Materias:
Etiquetas: Agregar Etiqueta
Sin Etiquetas, Sea el primero en etiquetar este registro!

MARC

LEADER 00000naa$a2200000$$$4500
001 0193025
005 20240530085815.4
041 0 |a slo 
044 |a CZ 
245 1 0 |a Podnikateľské vzdelávanie na stredných školách v Slovenskej republike - vybrané problémy a perspektívy  |c Ľudmila Velichová 
520 |a Podnikateľské vzdelávanie ako súčasť celoživotného vzdelávania. Podnikateľské vzdelávanie na stredných školách. Perspektívy podnikateľského vzdelávania. 
610 2 0 |a vzdelávanie celoživotné 
610 2 0 |a školy stredné 
610 2 0 |a podnikanie 
610 2 0 |a ekonómia 
610 2 0 |a vyučovanie 
610 2 0 |a predmety učebné 
610 2 0 |a Slovensko 
100 1 |a Velichová, Ľudmila